Top 10 Natural Gas Producing Countries - Statistics

General Stats
  • This quiz has been taken 30 times
  • The average score is 8 of 10
Answer Stats
Production Country % Correct
200 K Canada
100%
1.1 M United States
100%
650 K Russia
93%
300 K Iran
90%
250 K China
83%
100 K Saudi Arabia
83%
150 K Australia
79%
150 K Norway
76%
200 K Qatar
69%
100 K Algeria
41%
No matching quizzes found
Score Distribution
Percent of People with Each Score
Percentile by Number Answered
Your Score History
You have not taken this quiz